[Event "20th Prague Open 2022"]
[Site "Prague"]
[Date "2022.01.08"]
[Round "2.9"]
[White "Kozak, Antoni"]
[Black "Brozka, Karel"]
[Result "1-0"]
[WhiteElo "2356"]
[BlackElo "2143"]
[Annotator "ChessBase"]
[PlyCount "75"]
[EventDate "2022.01.07"]
[EventType "swiss"]
[EventCountry "CZE"]
[SourceTitle "playchess.com"]
[Source "ChessBase"]
[SourceQuality "1"]
[TimeControl "40/5400+30:1800+30"]

1. e4 {[%emt 0:01:16]} c6 {[%emt 0:00:17]} 2. d4 {[%emt 0:00:35]} d5 {[%emt 0:00:04]} 3. exd5 {[%emt 0:01:27]} cxd5 {[%emt 0:00:20]} 4. Bd3 {[%emt 0:00:24]} Nc6 {[%emt 0:00:04]} 5. c3 {[%emt 0:00:05]} Nf6 {[%emt 0:00:02]} 6. h3 {[%emt 0:00:08]} g6 {[%emt 0:01:56]} 7. Bf4 {[%emt 0:00:16]} Bg7 {[%emt 0:00:19]} 8. Nf3 {[%emt 0:02:54]} Bf5 {[%emt 0:02:59]} 9. Be2 {[%emt 0:00:06]} O-O {[%emt 0:02:59]} 10. Nbd2 {[%emt 0:04:59]} Ne4 {[%emt 0:07:02]} 11. O-O {[%emt 0:00:19]} Rc8 {[%emt 0:03:32]} 12. Re1 {[%emt 0:12:43]} Nxd2 {[%emt 0:11:51]} 13. Qxd2 {[%emt 0:01:33]} Re8 {[%emt 0:02:04]} 14. Rad1 {[%emt 0:18:31]} Qa5 {[%emt 0:02:18]} 15. a3 {[%emt 0:00:47]} b5 {[%emt 0:02:19]} 16. Nh2 {[%emt 0:04:55]} Qb6 {[%emt 0:23:16]} 17. Nf1 {[%emt 0:00:51]} Na5 {[%emt 0:02:51]} 18. b4 {[%emt 0:10:55]} Nb7 {[%emt 0:05:03]} 19. Ne3 {[%emt 0:01:53]} Be6 {[%emt 0:00:08]} 20. Bf3 {[%emt 0:05:16]} Qc6 {[%emt 0:01:36]} 21. Qa2 {[%emt 0:02:02]} Red8 {[%emt 0:04:39]} 22. Rc1 {[%emt 0:00:28]} Qd7 {[%emt 0:01:07]} 23. Nd1 {[%emt 0:07:51]} Bf5 {[%emt 0:03:21]} 24. Qe2 {[%emt 0:01:02]} e6 {[%emt 0:10:27]} 25. Nb2 {[%emt 0:03:47]} h6 {[%emt 0:05:21]} 26. g4 {[%emt 0:00:35]} g5 {[%emt 0:00:22]} 27. gxf5 {[%emt 0:01:18]} gxf4 {[%emt 0:00:02]} 28. fxe6 {[%emt 0:00:18]} Qxe6 {[%emt 0:01:08]} 29. Qxe6 {[%emt 0:01:43]} fxe6 {[%emt 0:00:02]} 30. Bg4 {[%emt 0:00:07]} Rc7 {[%emt 0:02:22]} 31. Bxe6+ {[%emt 0:00:07]} Kh8 {[%emt 0:00:46]} 32. Nd3 {[%emt 0:00:10]} Bf6 {[%emt 0:00:44]} 33. Kg2 {[%emt 0:03:14]} Rd6 {[%emt 0:02:39]} 34. Kf3 {[%emt 0:01:29]} Nd8 {[%emt 0:00:14]} 35. Bf5 {[%emt 0:01:51]} Nf7 {[%emt 0:00:18]} 36. Nxf4 {[%emt 0:01:09]} Bg5 {[%emt 0:00:20]} 37. Re8+ {[%emt 0:00:06]} Kg7 {[%emt 0:00:06]} 38. Nh5# 1-0

[Event "20th Prague Open 2022"]
[Site "Prague"]
[Date "2022.01.08"]
[Round "2.10"]
[White "Van Osch, Mees"]
[Black "Koubova, Anna Marie"]
[Result "1-0"]
[WhiteElo "2364"]
[BlackElo "2148"]
[Annotator "ChessBase"]
[PlyCount "71"]
[EventDate "2022.01.07"]
[EventType "swiss"]
[EventCountry "CZE"]
[SourceTitle "playchess.com"]
[Source "ChessBase"]
[SourceQuality "1"]
[TimeControl "40/5400+30:1800+30"]

1. e4 {[%emt 0:00:04]} c6 {[%emt 0:00:11]} 2. d4 {[%emt 0:00:04]} d5 {[%emt 0:00:10]} 3. Nc3 {[%emt 0:03:38]} dxe4 {[%emt 0:00:31]} 4. Nxe4 {[%emt 0:00:05]} Nf6 {[%emt 0:00:11]} 5. Nxf6+ {[%emt 0:00:54]} exf6 {[%emt 0:00:09]} 6. c3 {[%emt 0:00:01]} Bd6 {[%emt 0:00:32]} 7. Bd3 {[%emt 0:00:04]} O-O {[%emt 0:00:20]} 8. Qc2 {[%emt 0:00:02]} Re8+ {[%emt 0:00:16]} 9. Ne2 {[%emt 0:00:04]} h5 {[%emt 0:00:23]} 10. Be3 {[%emt 0:12:54]} Nd7 {[%emt 0:05:04]} 11. O-O-O {[%emt 0:00:06]} b5 {[%emt 0:00:29]} 12. d5 {[%emt 0:10:15]} c5 {[%emt 0:01:22]} 13. Bxb5 {[%emt 0:01:25]} Rb8 {[%emt 0:00:44]} 14. c4 {[%emt 0:06:34]} a6 {[%emt 0:01:11]} 15. Ba4 {[%emt 0:09:33]} Re7 {[%emt 0:03:03]} 16. Rhe1 {[%emt 0:28:25]} Ne5 {[%emt 0:03:57]} 17. Ng3 {[%emt 0:03:38]} Reb7 {[%emt 0:14:16]} 18. b3 {[%emt 0:00:57]} Rb4 {[%emt 0:16:54]} 19. Bd2 {[%emt 0:00:52]} Rxa4 {[%emt 0:01:46]} 20. bxa4 {[%emt 0:00:08]} Qb6 {[%emt 0:00:28]} 21. Re3 {[%emt 0:05:44]} Ng4 {[%emt 0:10:50]} 22. Rb3 {[%emt 0:01:15]} Qc7 {[%emt 0:00:37]} 23. Ne4 {[%emt 0:01:22]} Bd7 {[%emt 0:03:36]} 24. Rxb8+ {[%emt 0:04:02]} Qxb8 {[%emt 0:00:07]} 25. Qb3 {[%emt 0:00:06]} Qc7 {[%emt 0:01:44]} 26. f3 {[%emt 0:00:54]} Ne5 {[%emt 0:02:05]} 27. a5 {[%emt 0:04:30]} Bf5 {[%emt 0:01:46]} 28. Qb6 {[%emt 0:02:38]} Bxe4 {[%emt 0:04:04]} 29. Qxc7 {[%emt 0:01:00]} Bxc7 {[%emt 0:01:24]} 30. fxe4 {[%emt 0:00:04]} Nxc4 {[%emt 0:00:13]} 31. g3 {[%emt 0:00:51]} Kf8 {[%emt 0:08:58]} 32. Kc2 {[%emt 0:02:21]} Ke7 {[%emt 0:02:41]} 33. Kb3 {[%emt 0:00:43]} Ne5 {[%emt 0:02:25]} 34. Bf4 {[%emt 0:00:31]} Bxa5 {[%emt 0:01:23]} 35. Bxe5 {[%emt 0:00:05]} fxe5 {[%emt 0:00:05]} 36. Kc4 {[%emt 0:01:22]} 1-0

[Event "20th Prague Open 2022"]
[Site "Prague"]
[Date "2022.01.08"]
[Round "2.11"]
[White "Goossens, Hanne"]
[Black "Hrabusa, Matej"]
[Result "1/2-1/2"]
[WhiteElo "2133"]
[BlackElo "2369"]
[Annotator "TA"]
[PlyCount "173"]
[EventDate "2022.01.07"]
[EventType "swiss"]
[EventCountry "CZE"]
[SourceTitle "playchess.com"]
[Source "ChessBase"]
[SourceQuality "1"]

{[%evp 18,173,0,6,10,0,22,-31,-27,-31,-47,-42,-37,-32,41,50,42,43,59,12,9,0,0,0,0,0,0,0,0,-5,0,-15,-11,-8,0,0,0,-75,-84,-75,-85,-70,-77,-81,-93,-99,-95,-98,-102,-93,-91,-91,-98,-101,-87,-97,-103,-85,-90,-111,-15,-16,-19,-37,-33,-44,-24,-59,-57,-113,-119,-118,-120,-120,-120,-118,-118,-116,-119,-117,-117,-116,-93,-93,-93,-93,-93,-93,-10,-43,0,-43,-43,-43,-43,-43,-43,-43,-43,-43,-43,-43,-43,-43,-43,-43,-43,-43,-43,-43,-43,-43,-43,-43,-43,-43,0,0,0,0,0,0,0,0,0,0,0,0,0,0,0,0,0,0,0,0,0,0,0,0,0,0,0,0,0,-29988,0,0,0,0,0,0,0,0,0,0,0,0]} 1. e4 c5 2. Nf3 d6 3. d4 cxd4 4. Nxd4 Nf6 5. Nc3 a6 6. Be2 e5 7. Nb3 Be7 8. Be3 Be6 9. Nd5 Nxd5 10. exd5 Bf5 {B92: Sicilian Najdorf: 6 Be2.} 11. O-O Nd7 12. f4 (12. Qd2 $11) 12... exf4 $15 {Black is slightly better.} 13. Bxf4 {[%cal Of4h6]} Bg6 {[#]} 14. Bh5 $146 ({Predecessor:} 14. Qd2 O-O 15. Bd3 Bf6 16. Bxg6 hxg6 17. c3 Ne5 18. Bxe5 Bxe5 19. Rf3 Qh4 20. Rh3 {0-1 (57) Moulay,M-Bouamra,K Tiaret 2000}) 14... Bxh5 15. Qxh5 {[%cal Of4d6]} Nf6 ({Black should play} 15... O-O $15) 16. Qf3 $1 $14 O-O 17. Nd4 Qc8 {[#] Inhibits Nf5.} ({Weaker is} 17... Qb6 18. Be3 $16) 18. Kh1 (18. Bh6 $1 $14 Qc5 19. Be3 Qxd5 20. Nf5) 18... Re8 $11 19. h3 Qc5 20. Nf5 {[%cal Of4h6] Threatens to win with Bh6!} Qxd5 21. Qxd5 Nxd5 22. Bxd6 Bf6 23. c3 Re6 24. Rae1 Rae8 25. Rxe6 fxe6 26. Ng3 Ne3 27. Rf3 {[#]} (27. Rf2 $11 {keeps the balance.}) 27... Nc4 $1 $17 {[%csl LRb2,LRd6]} 28. Ne4 Nxd6 29. Nxd6 {[%mdl 4096] Endgame KRB-KRN} Rd8 30. Ne4 Rd1+ 31. Kh2 Be5+ 32. g3 Re1 33. Nc5 {[%csl LRb7,LRe6]} Re2+ 34. Kh1 Rxb2 35. Nxe6 {[%csl Ge6][%cal Rf3f8]} Bf6 36. a4 Ra2 37. Nc5 a5 38. Re3 Kf7 (38... b6 $17 39. Nd7 Rxa4) 39. Nxb7 $11 Rxa4 {aiming for ...Ra1+.} 40. Nd6+ Kg6 41. c4 $1 Ra2 42. c5 Rc2 43. Ra3 (43. Nb7 $1 $15) 43... Rxc5 $17 44. Nb7 {[%csl LRa5,LRc5]} Rc1+ 45. Kg2 Rc2+ 46. Kh1 Rc3 47. Rxa5 Rxg3 48. Kh2 Re3 49. Kg2 h5 50. Nd6 Re2+ 51. Kf3 Re1 52. Ne4 Bd4 (52... Ra1 $17 53. Rxa1 Bxa1) 53. Rd5 Bf6 (53... Ba1 $15 {feels stronger.}) 54. Nxf6 (54. Ra5 $1 $11) 54... gxf6 $11 {KR-KR} 55. h4 Re5 56. Rd4 Ra5 57. Rb4 Ra3+ 58. Kg2 Re3 59. Rf4 Kf7 60. Rf5 Re5 61. Rf4 Ke6 62. Kg3 Rb5 63. Ra4 Ke5 64. Rc4 Rb3+ 65. Kg2 Rd3 66. Rc6 f5 (66... Rd4 $15 {is superior.}) 67. Rh6 Ke4 68. Rxh5 f4 69. Rh8 Rd2+ 70. Kf1 $1 Kf3 {[%cal Rd2d1]} 71. Ke1 {To avoid Rd1+} Ra2 72. h5 Ra1+ 73. Kd2 Kf2 74. h6 f3 75. h7 {White wants to mate with Rc8.} Ra7 76. Kd3 Re7 77. Kd2 $1 Rd7+ 78. Kc3 Rf7 79. Kd3 Kf1 80. Kd2 f2 81. Kd1 $2 {[%mdl 8192] [#]} (81. Kc2 $11) 81... Rd7+ $2 (81... Kg2 $1 {mates} 82. Rg8+ Kf3 83. Kc2 f1=Q 84. Rg3+ Kxg3 85. h8=Q Rc7+ 86. Qc3+ Rxc3+ 87. Kxc3 Qb5 88. Kd2 Qc4 89. Ke3 Kg2 90. Kd2 Kf2 91. Kd1 Ke3 92. Ke1 Qe2#) 82. Kc2 {The position is equal.} Re7 83. Kd2 Rg7 84. Kc2 $1 Rd7 85. Kc3 Re7 {( -> ...Ke2)} 86. Kd2 $1 Rg7 87. Kc2 {Weighted Error Value: White=0.10 (very precise) /Black=0.12 (very precise)} 1/2-1/2

[Event "20th Prague Open 2022"]
[Site "Prague"]
[Date "2022.01.08"]
[Round "2.12"]
[White "Carlsson, Ludvig"]
[Black "Delgerdalai, Bayarjavkhlan"]
[Result "1-0"]
[WhiteElo "2355"]
[BlackElo "2062"]
[Annotator "ChessBase"]
[PlyCount "93"]
[EventDate "2022.01.07"]
[EventType "swiss"]
[EventCountry "CZE"]
[SourceTitle "playchess.com"]
[Source "ChessBase"]
[SourceQuality "1"]
[TimeControl "40/5400+30:1800+30"]

1. c4 {[%emt 0:01:06]} e5 {[%emt 0:00:19]} 2. Nc3 {[%emt 0:00:53]} Nf6 {[%emt 0:00:07]} 3. Nf3 {[%emt 0:00:10]} Nc6 {[%emt 0:00:23]} 4. e3 {[%emt 0:00:09]} Bb4 {[%emt 0:01:15]} 5. Qc2 {[%emt 0:00:45]} O-O {[%emt 0:01:42]} 6. Nd5 {[%emt 0:00:31]} Be7 {[%emt 0:04:51]} 7. a3 {[%emt 0:11:27]} a5 {[%emt 0:01:34]} 8. b3 {[%emt 0:00:38]} d6 {[%emt 0:06:24]} 9. Bb2 {[%emt 0:06:38]} h6 {[%emt 0:03:16]} 10. d4 {[%emt 0:13:51]} Bg4 {[%emt 0:13:07]} 11. Nxe7+ {[%emt 0:02:38]} Qxe7 {[%emt 0:00:46]} 12. d5 {[%emt 0:00:48]} Nb8 {[%emt 0:04:51]} 13. Be2 {[%emt 0:05:39]} Nbd7 {[%emt 0:05:17]} 14. h3 {[%emt 0:05:04]} Bh5 {[%emt 0:02:15]} 15. Nh4 {[%emt 0:00:23]} Bxe2 {[%emt 0:06:10]} 16. Nf5 {[%emt 0:00:07]} Qd8 {[%emt 0:00:23]} 17. Kxe2 {[%emt 0:00:19]} g6 {[%emt 0:04:43]} 18. Nxh6+ {[%emt 0:04:49]} Kg7 {[%emt 0:00:02]} 19. Ng4 {[%emt 0:00:16]} Nxg4 {[%emt 0:00:06]} 20. hxg4 {[%emt 0:00:05]} Qg5 {[%emt 0:00:12]} 21. f3 {[%emt 0:01:46]} f5 {[%emt 0:00:44]} 22. Raf1 {[%emt 0:00:30]} Rh8 {[%emt 0:07:11]} 23. Rh3 {[%emt 0:08:17]} fxg4 {[%emt 0:01:51]} 24. f4 {[%emt 0:01:28]} Qe7 {[%emt 0:03:18]} 25. fxe5 {[%emt 0:02:14]} Nxe5 {[%emt 0:02:04]} 26. Rxh8 {[%emt 0:00:34]} Rxh8 {[%emt 0:00:12]} 27. Qe4 {[%emt 0:00:07]} Rh4 {[%emt 0:02:25]} 28. Qf4 {[%emt 0:06:22]} b6 {[%emt 0:02:37]} 29. a4 {[%emt 0:00:20]} Rh5 {[%emt 0:04:05]} 30. Qxg4 {[%emt 0:03:22]} Rg5 {[%emt 0:00:57]} 31. Qe4 {[%emt 0:01:26]} Qe8 {[%emt 0:03:12]} 32. Qf3 {[%emt 0:07:56]} Rf5 {[%emt 0:02:03]} 33. Qg4 {[%emt 0:00:16]} Rxf1 {[%emt 0:01:55]} 34. Kxf1 {[%emt 0:00:06]} Qf7+ {[%emt 0:01:15]} 35. Ke2 {[%emt 0:01:33]} Qf6 {[%emt 0:02:08]} 36. Bxe5 {[%emt 0:03:09]} dxe5 {[%emt 0:07:51]} 37. Qd7+ {[%emt 0:00:11]} Kh6 {[%emt 0:00:04]} 38. Qxc7 {[%emt 0:00:25]} Qf5 {[%emt 0:01:02]} 39. Qe7 {[%emt 0:00:46]} Qc2+ {[%emt 0:02:16]} 40. Kf3 {[%emt 0:00:15]} Qxb3 {[%emt 0:01:58]} 41. d6 {[%emt 0:33:35]} Qxc4 {[%emt 0:32:07]} 42. d7 {[%emt 0:00:46]} Qf1+ {[%emt 0:00:00]} 43. Kg3 {[%emt 0:00:00]} Qe1+ {[%emt 0:00:00]} 44. Kh2 {[%emt 0:00:00]} g5 {[%emt 0:00:00]} 45. Qf6+ {[%emt 0:00:00]} Kh7 {[%emt 0:00:00]} 46. Qf5+ {[%emt 0:00:00]} Kh6 {[%emt 0:00:00]} 47. d8=Q {[%emt 0:00:00]} 1-0

[Event "20th Prague Open 2022"]
[Site "Prague"]
[Date "2022.01.08"]
[Round "2.13"]
[White "Pham, Khoi"]
[Black "Sorm, Daniel"]
[Result "1/2-1/2"]
[WhiteElo "2114"]
[BlackElo "2348"]
[Annotator "ChessBase"]
[PlyCount "53"]
[EventDate "2022.01.07"]
[EventType "swiss"]
[EventCountry "CZE"]
[SourceTitle "playchess.com"]
[Source "ChessBase"]
[SourceQuality "1"]
[TimeControl "40/5400+30:1800+30"]

1. e4 {[%emt 0:00:02]} e5 {[%emt 0:01:18]} 2. Nf3 {[%emt 0:00:06]} Nc6 {[%emt 0:00:07]} 3. Bb5 {[%emt 0:00:05]} a6 {[%emt 0:00:21]} 4. Ba4 {[%emt 0:00:34]} Nf6 {[%emt 0:00:17]} 5. O-O {[%emt 0:00:11]} b5 {[%emt 0:00:15]} 6. Bb3 {[%emt 0:00:11]} Bc5 {[%emt 0:01:32]} 7. c3 {[%emt 0:00:38]} d6 {[%emt 0:00:23]} 8. a4 {[%emt 0:00:17]} Bd7 {[%emt 0:05:34]} 9. d4 {[%emt 0:05:19]} Bb6 {[%emt 0:00:16]} 10. h3 {[%emt 0:05:12]} h6 {[%emt 0:02:33]} 11. Be3 {[%emt 0:06:27]} Nxe4 {[%emt 0:23:20]} 12. dxe5 {[%emt 0:04:33]} Bxe3 {[%emt 0:00:43]} 13. fxe3 {[%emt 0:03:07]} O-O {[%emt 0:01:31]} 14. exd6 {[%emt 0:06:04]} Nxd6 {[%emt 0:01:36]} 15. Nbd2 {[%emt 0:04:01]} Qe7 {[%emt 0:02:59]} 16. e4 {[%emt 0:03:10]} Rad8 {[%emt 0:08:38]} 17. axb5 {[%emt 0:10:34]} axb5 {[%emt 0:00:18]} 18. Qe2 {[%emt 0:05:44]} Be6 {[%emt 0:04:50]} 19. Bxe6 {[%emt 0:06:05]} Qxe6 {[%emt 0:00:24]} 20. Nd4 {[%emt 0:00:56]} Qe8 {[%emt 0:09:21]} 21. Rae1 {[%emt 0:03:51]} Ne5 {[%emt 0:04:07]} 22. N2f3 {[%emt 0:02:55]} Nxf3+ {[%emt 0:03:23]} 23. Nxf3 {[%emt 0:03:22]} f6 {[%emt 0:04:09]} 24. e5 {[%emt 0:02:23]} fxe5 {[%emt 0:00:22]} 25. Qxe5 {[%emt 0:03:14]} Qxe5 {[%emt 0:00:36]} 26. Rxe5 {[%emt 0:00:05]} Rde8 {[%emt 0:06:43]} 27. Rfe1 {[%emt 0:00:57]} 1/2-1/2

[Event "20th Prague Open 2022"]
[Site "Prague"]
[Date "2022.01.08"]
[Round "2.14"]
[White "Mikes, Jan"]
[Black "Adamko, Peter"]
[Result "1/2-1/2"]
[WhiteElo "2329"]
[BlackElo "2113"]
[Annotator "TA"]
[PlyCount "121"]
[EventDate "2022.01.07"]
[EventType "swiss"]
[EventCountry "CZE"]
[SourceTitle "playchess.com"]
[Source "ChessBase"]
[SourceQuality "1"]

{[%evp 21,121,66,46,0,7,-13,0,-20,-3,-32,-26,-29,-3,-4,-7,-10,19,-5,-11,-18,-1,-43,-14,-43,-16,-114,-112,-135,-132,-134,-128,-143,-119,-111,-107,-112,-110,-104,-100,-110,-99,-110,-94,-100,-98,-106,-102,-141,-136,-265,-265,-317,-332,-296,-308,-272,-264,-691,-691,-683,-680,-557,-34,-34,-34,-41,-41,-56,-8,-8,-8,-8,-8,-8,-8,-8,-8,-1076,-7,-8,-8,-8,-8,-8,-8,-8,-8,-8,-8,-8,-8,-8,-8,-8,-8,-8,-8,-8,-8,-8,-8,-8]} 1. e4 e5 2. Nf3 Nc6 3. Bb5 a6 4. Ba4 Nf6 5. O-O Be7 6. Re1 b5 7. Bb3 O-O 8. a4 Rb8 9. axb5 axb5 10. c3 {10.Nc3 is vanishing.} d5 11. exd5 Nxd5 12. d4 {C88: Closed Ruy Lopez: Anti-Marshall Systems.} exd4 13. Nxd4 Nxd4 14. Qxd4 Be6 {[#]} 15. Rd1 $146 {[%cal Rb3d5]} ({Predecessor:} 15. Nd2 c5 16. Qe4 Nf6 17. Qe2 c4 18. Bc2 Re8 19. Ne4 Bf5 20. Bf4 Bxe4 21. Bxe4 {1-0 (57) Farah,D (1950)-Ferreira Brandet,R Sao Paulo 2005}) 15... c6 16. Bc2 Qb6 (16... Qc7 {keeps more tension.} 17. Ra7 Qc8 18. Nd2 Bf5 19. Bxf5 Qxf5 20. Qe4 Qxe4 21. Nxe4 Ra8) 17. Qxb6 Nxb6 {[%cal Bd5b6,Bb6d7,Bd7c5,Bc5e6,Be6f4][%mdl 32]} 18. Ra6 Bd5 19. b3 Bf6 20. Be3 Nd7 21. f4 (21. Ra7 $11 Rfd8 22. Bf4) 21... Rb7 22. Bd4 Bxd4+ 23. Rxd4 (23. cxd4 $11 {was the only way to keep the balance.} Rc7 24. Re1) 23... Nc5 $17 {[%csl LRa6,LRb3]} 24. Ra3 Ne6 $1 25. Rd2 Nxf4 26. c4 bxc4 27. bxc4 Bxc4 28. Ra4 {[#]} Bb3 29. Bxh7+ Kxh7 30. Rxf4 Be6 31. Nc3 Ra8 32. h3 g6 33. Ne4 Kg7 {Threatens to win with ...Rb4.} 34. Nf6 c5 {[%cal Bc6c5,Bc5c4,Bc4c3,Bc3c2][%mdl 32]} 35. h4 (35. Rf1 $17 {keeps fighting.}) 35... Rb4 $19 36. Rdf2 Rxf4 37. Rxf4 {[%mdl 4096] Endgame KRB-KRN} c4 38. Ne4 Ra3 39. Kf2 $2 (39. Ng5 Bd5 40. Rd4) 39... c3 40. Ke3 c2+ 41. Kd2 {[#]} Bf5 $2 ({Black should try} 41... Re3 $3 $19 {[%mdl 512]} 42. Ng5 Re2+ $3 {[%mdl 512]} 43. Kc1 Bf5) 42. g4 $15 Bxe4 43. Rxe4 {[#] KR-KR} Rc3 $1 44. Kc1 f5 (44... Rc7 $15) 45. gxf5 $1 $11 gxf5 46. Re2 Kh6 47. Rf2 Rc5 48. Rf4 Kg6 49. Rf2 $2 {[%mdl 8192] [#]} (49. Rf1 $11) 49... Ra5 $2 (49... Rc4 $1 $19 {And now ...f4 would win.} 50. Rg2+ Rg4) 50. Rxc2 {The position is equal.} Ra4 51. Kd2 Rxh4 52. Ke3 Kg5 {Hoping for ...Rh3+.} 53. Kf3 Rh3+ 54. Kg2 Ra3 55. Rb2 Kg4 56. Rc2 f4 57. Rb2 Rg3+ 58. Kf2 Rh3 {( -> ...Rh2+)} 59. Rb8 Rh2+ 60. Kg1 $1 Ra2 {Threatening ...Kg3.} 61. Rb3 {Weighted Error Value: White=0.36/Black=0.34} 1/2-1/2

[Event "20th Prague Open 2022"]
[Site "Prague"]
[Date "2022.01.08"]
[Round "2.15"]
[White "Lim, Zhuo Ren"]
[Black "Kukucka, Matej"]
[Result "1-0"]
[WhiteElo "2311"]
[BlackElo "2104"]
[Annotator "ChessBase"]
[PlyCount "57"]
[EventDate "2022.01.07"]
[EventType "swiss"]
[EventCountry "CZE"]
[SourceTitle "playchess.com"]
[Source "ChessBase"]
[SourceQuality "1"]
[TimeControl "40/5400+30:1800+30"]

1. d4 {[%emt 0:01:02]} Nf6 {[%emt 0:00:22]} 2. c4 {[%emt 0:00:20]} g6 {[%emt 0:00:24]} 3. g3 {[%emt 0:00:42]} c6 {[%emt 0:00:24]} 4. Bg2 {[%emt 0:00:45]} d5 {[%emt 0:00:40]} 5. Nf3 {[%emt 0:00:33]} Bg7 {[%emt 0:00:23]} 6. O-O {[%emt 0:00:14]} O-O {[%emt 0:00:24]} 7. Qa4 {[%emt 0:00:21]} dxc4 {[%emt 0:00:39]} 8. Qxc4 {[%emt 0:00:18]} Bf5 {[%emt 0:01:56]} 9. Nc3 {[%emt 0:02:02]} Ne4 {[%emt 0:01:45]} 10. Nh4 {[%emt 0:07:38]} b5 {[%emt 0:10:54]} 11. Qb3 {[%emt 0:05:27]} Nxc3 {[%emt 0:13:56]} 12. bxc3 {[%emt 0:00:08]} Be6 {[%emt 0:00:49]} 13. Qc2 {[%emt 0:00:32]} Bd5 {[%emt 0:03:23]} 14. e4 {[%emt 0:00:29]} Bc4 {[%emt 0:00:03]} 15. Rd1 {[%emt 0:00:14]} Nd7 {[%emt 0:01:54]} 16. Nf3 {[%emt 0:00:26]} Nb6 {[%emt 0:04:41]} 17. h4 {[%emt 0:01:06]} f5 {[%emt 0:07:09]} 18. h5 {[%emt 0:04:58]} fxe4 {[%emt 0:01:32]} 19. Nh4 {[%emt 0:00:05]} Bd3 {[%emt 0:03:57]} 20. Rxd3 {[%emt 0:00:06]} exd3 {[%emt 0:00:04]} 21. Qxd3 {[%emt 0:01:17]} Nd5 {[%emt 0:12:26]} 22. h6 {[%emt 0:04:56]} Bf6 {[%emt 0:01:26]} 23. Nxg6 {[%emt 0:00:53]} Rf7 {[%emt 0:00:43]} 24. Bd2 {[%emt 0:10:43]} hxg6 {[%emt 0:08:45]} 25. Qxg6+ {[%emt 0:00:08]} Kf8 {[%emt 0:00:09]} 26. h7 {[%emt 0:00:17]} Ke8 {[%emt 0:00:48]} 27. Bh3 {[%emt 0:04:16]} Nc7 {[%emt 0:03:48]} 28. Qg8+ {[%emt 0:05:36]} Rf8 {[%emt 0:00:05]} 29. Bh6 {[%emt 0:01:34]} 1-0

[Event "20th Prague Open 2022"]
[Site "Prague"]
[Date "2022.01.08"]
[Round "2.16"]
[White "Lorans, Sylvain"]
[Black "Acor, Corey"]
[Result "0-1"]
[WhiteElo "2110"]
[BlackElo "2303"]
[Annotator "TA"]
[PlyCount "62"]
[EventDate "2022.01.07"]
[EventType "swiss"]
[EventCountry "CZE"]
[SourceTitle "playchess.com"]
[Source "ChessBase"]
[SourceQuality "1"]

{[%evp 21,62,20,22,11,11,-6,-12,-13,-10,-16,-12,-66,-56,-58,-62,-56,-64,-87,-87,-103,-91,-101,-101,-103,-101,-107,-68,-91,-115,-116,-113,-144,-151,-148,-147,-152,-152,-184,-181,-403,-389,-402,-386]} 1. d4 {[%cal Bd2d4,Bd4e5][%mdl 32]} Nf6 2. c4 e5 3. dxe5 Ng4 4. Bf4 Nc6 5. Nf3 Bb4+ 6. Nbd2 {[%cal Bb1d2,Bd2b3,Bb3d4,Bd4c6][%mdl 32]} Qe7 7. e3 Ngxe5 8. Nxe5 Nxe5 9. Be2 d6 10. O-O O-O {10...a5 gains popularity.} 11. Nb3 b6 12. Nd4 {A52: Budapest Gambit.} Bc5 {[#]} 13. b4 $146 ({Predecessor:} 13. Bxe5 dxe5 14. Nc6 Qe6 15. Qd5 Qe8 {½-½ (15) Konyves,A (2122)-Kahn,E (2172) Budapest 2021}) 13... Bxb4 14. Bxe5 {The position is equal.} dxe5 (14... Qxe5 15. Bf3 Bd7 16. Bxa8 Rxa8 17. Qf3 $14) 15. Nc6 Qc5 16. Bf3 (16. Nxb4 $11 Qxb4 17. Qd5) 16... Bb7 $15 {A strong pair of Bishops.} 17. Qa4 Bxc6 18. Bxc6 Rad8 (18... Qxc4 $2 19. Bxa8 a5 20. Bb7 $18) 19. Rfd1 a5 (19... Qxc4 $2 20. a3 $18) 20. Qb5 Qe7 21. Rd5 Bd6 22. Rad1 f5 23. Qb1 {[%cal Oc4c5]} e4 24. Qb2 f4 25. exf4 {[#]} e3 $1 ({Much worse is} 25... Bxf4 $6 26. Rxd8 Rxd8 27. Rxd8+ Qxd8 28. Bd5+ Kh8 29. g3 $11) 26. fxe3 Qxe3+ 27. Qf2 Qxf2+ ({Weaker is} 27... Bxf4 28. g3 Qxf2+ 29. Kxf2 Bd6+ 30. Kg2 $17) 28. Kxf2 Rxf4+ 29. Kg1 Rxc4 30. Rxd6 (30. Bb5 Rb4 31. Kh1) 30... Rxd6 $19 31. Bd5+ {[#]} Rxd5 $1 {Weighted Error Value: White=0.26 (precise) /Black=0.02 (flawless)} 0-1